Top 50 des villes où il fait bon vivre en 2024 en France - Statistiques

Statistiques générales
  • Ce quiz a été pris 245 fois
  • Le résultat moyen est 23 sur 50
Statistiques - réponses
Classement Ville Population % Correct
29 Bordeaux 261 804
88%
13 Nice 348 085
84%
50 Nantes 323 204
80%
19 Strasbourg 291 313
79%
9 Brest 139 619
74%
28 Montpellier 302 654
74%
7 Rennes 225 081
74%
1 Angers 157 175
71%
46 Toulon 180 452
68%
5 Annecy 131 715
65%
11 Caen 108 200
64%
16 La Roche-sur-Yon 54 952
64%
2 Bayonne 52 749
62%
3 Biarritz 25 764
61%
23 Dijon 159 346
61%
20 Le Havre 166 058
59%
8 La Rochelle 78 535
58%
33 Metz 120 874
58%
39 Nîmes 148 104
58%
15 Pau 77 066
57%
32 Saint-Etienne 172 718
56%
6 Lorient 57 846
55%
38 Orléans 116 617
55%
27 Tours 137 658
55%
40 Cannes 73 255
53%
37 Avignon 90 330
52%
34 Limoges 129 760
51%
12 Le Mans 145 004
49%
22 Quimper 63 642
47%
24 Saint-Malo 47 323
44%
44 Versailles 83 587
42%
26 Vannes 54 420
41%
21 Chambéry 59 856
39%
18 Saint-Brieuc 44 244
35%
36 Laval 49 657
32%
14 Cherbourg-en-Contentin 77 808
30%
35 Saint-Nazaire 72 057
30%
31 Boulogne-Billancourt 119 808
29%
25 Antibes 75 130
28%
10 Rodez 24 207
22%
4 Anglet 41 153
20%
42 Levallois-Perret 68 009
14%
47 Aurillac 25 815
13%
30 Courbevoie 81 516
10%
48 Colombes 88 870
8%
17 Lannion 20 344
8%
41 Asnières-sur-Seine 89 662
6%
49 Brive-la-Gaillarde 46 599
6%
45 Rueil-Malmaison 78 186
5%
43 Nogent-sur-Marne 33 472
3%
Aucun quiz correspondant
Distribution des résultats
% des personnes avec chaque résultat
Percentile par nombre de réponses
Votre historique - résultats
Vous n’avez pas pris ce quiz